| 000 | 00392nam a2200169Ia 4500 | ||
|---|---|---|---|
| 100 | _aRavindran/ A/ Ragsdell/K.M | ||
| 650 | _aOptimization | ||
| 942 | _cBK | ||
| 366 | _f20 | ||
| 654 | _aoptimization | ||
| 245 | _aEngineering Optimization:Methods and applications | ||
| 260 |
_bWiely _c2006 |
||
| 082 |
_a658.4033 _bRAV |
||
| 300 | _a667 | ||
| 546 |
_aENGLISH _cInfo.Tech |
||
| 999 |
_c26575 _d26575 |
||